Enrique II de Castilla : la guerra civil y la consolidación del régimen, 1366-1371 /

Historia del reinado de Enrique II de Castilla, momento que es esencial por el conjunto de transformaciones que operan en la sociedad castellana después de la profunda crisis que había afectado Castilla durante la primera mitad del siglo XIV.

محفوظ في:
التفاصيل البيبلوغرافية
المؤلف الرئيسي: Valdeón Baruque, Julio (autor)
مؤلفون آخرون: Suárez Fernández, Luis (prólogo) (prólogo)
التنسيق: كتاب
اللغة:الإسبانية
منشور في: Valladolid, España : Universidad de Valladolid, 1966, c1965
الموضوعات:
الوسوم: إضافة وسم
لا توجد وسوم, كن أول من يضع وسما على هذه التسجيلة!

MARC

LEADER 00000nam^a2200000^a^4500
001 000127594
005 20250521000000.0
009 20260310094806.035
037 |a Acervo ITESO - Biblioteca 
041 |a ESP 
082 |a 946. 02  |b VAL 
100 |a Valdeón Baruque, Julio  |e (autor) 
245 1 0 |a Enrique II de Castilla :  |b la guerra civil y la consolidación del régimen, 1366-1371 /  |c J. Valdeón Baruque ; pról. de L. Suárez Fernández. 
264 4 |a Valladolid, España :  |b Universidad de Valladolid,  |c 1966, c1965 
300 |a 374 p. 
336 |a texto  |b txt  |2 rdacontenido 
337 |a sin mediación  |b n  |2 rdamedio 
338 |a volumen  |b nc  |2 rdasoporte 
520 |a Historia del reinado de Enrique II de Castilla, momento que es esencial por el conjunto de transformaciones que operan en la sociedad castellana después de la profunda crisis que había afectado Castilla durante la primera mitad del siglo XIV. 
649 |a XX 
650 |a Reyes Españoles 
650 |a Políticos Españoles 
650 |a Guerra Civil -  |x Historia -  |y Siglo XIV 
650 |a Política -  |x Historia -  |y Siglo XIV 
650 |a España -  |x Historia -  |y Siglo XIV 
650 |a España -  |x Historia -  |y Período Arabe, 711-1492 
650 |a Enrique II, Rey de España 
700 |a Suárez Fernández, Luis  |e (prólogo) 
910 |a Fondo Salvador Reynoso Reynoso 
920 |a Impresos - Libros 
930 |a Fondos Especiales 
905 |a 112 
901 |a 0800009424  |b IT2  |c ESP  |u 20250521 
902 |a https://opac.biblio.iteso.mx/vufind/Record/000127594